| 000 | 00693nas a2200217 4500 | ||
|---|---|---|---|
| 001 | BR7805845 | ||
| 003 | BR-BrBNA | ||
| 005 | 20231205083517.0 | ||
| 007 | ta | ||
| 008 | 230509b bl.|||p| |||| 00| 00por d | ||
| 040 |
_aBR-BrBNA _bpor _cBiblioteca Nacional de Agricultura |
||
| 041 | _a(Pt) | ||
| 072 | _aP12 | ||
| 110 | 1 |
_aAssociacao Brasileira de Irrigacao e Drenagem, Brasilia, DF _9307 |
|
| 245 | 1 | _aPivo central, um sistema revolucionario [Irrigacao; Equipamento] | |
| 650 | _aIRRIGACAO | ||
| 650 | _aEQUIPAMENTO | ||
| 773 | 0 |
_tITEM. Irrigacao e Tecnologia Moderna (Brazil) _x _g(Sep 1978), (no. 0) p. 16 _wBR7805845 |
|
| 909 |
_a202311 _bLúcia _c55 _dLúcia Elande |
||
| 942 |
_2AGRIS _n0 _cANA |
||
| 999 |
_c99289 _d99289 |
||